| 000 | 00802nam a2200253 i 4500 | ||
|---|---|---|---|
| 001 | 000033529 | ||
| 003 | DO-SdBNP | ||
| 005 | 20240123084424.0 | ||
| 007 | ta | ||
| 008 | 110831s1993 dr abc 000 0 spa d | ||
| 040 |
_aDO-SdBNP _bspa _cBNPHU _erda |
||
| 049 | _aBNPD | ||
| 082 | 4 | _222 | |
| 100 | 1 |
_aMota Ruíz, Alfredo, _959040 _eautor |
|
| 245 | 1 | 0 |
_aA paso de sembradores : _bBalaguer, las voces de su obra / _cAlfrado Mota Ruíz. |
| 264 |
_aSanto Domingo : _bMontalvo, _c1993. |
||
| 300 |
_a499 páginas : _bilustraciones, mapas, retratos. ; _c23 cm. |
||
| 336 |
_2rdacontent _atexto _btxt |
||
| 337 |
_2rdamedia _asin mediación _bn |
||
| 338 |
_2rdacarrier _avolumen _bnc |
||
| 500 | _aIncluye datos biográficos del autor en las solapas | ||
| 590 | _aInventariado, 2024/BT | ||
| 942 |
_2ddc _cLBS1 |
||
| 999 |
_c33020 _d33020 |
||